| 000 | 011580000a22002170004500 | ||
|---|---|---|---|
| 001 | 9539 | ||
| 020 | _a978-0-8297-5973-0 | ||
| 082 | 0 | 4 | _aG 268.433 S5251c |
| 100 | 1 | _aShafer, Barry | |
| 245 | 1 | 0 | _aCómo enseñar la Biblia con creatividad / Barry Shafer ; traducido por Howard Andruejol |
| 260 | _aMiami, Fl. : Vida | ||
| 300 | _a303 p. | ||
| 336 |
_atexto _btxt _2rdacontent |
||
| 337 |
_2rdamedia _asin mediación _bn |
||
| 338 |
_2rdacarrier _avolumen _bnc |
||
| 500 | _aTítulo original en inglés: Unleashing God's word in youth ministry | ||
| 501 | _arústico | ||
| 505 | 0 | 0 | _aLa búsqueda que Dios hace de nosotros -- Lo que ignoras puede lastimarte -- Abordar la Palabra de un modo periférico -- ¿Es la B-I-B-L-I-A un libro para el ministerio juvenil? -- Nuestra búsqueda -- Enséñame a la manera de Jesús -- Herramientas para la búsqueda -- Provocar el deseo de profundidad en los jóvenes -- Todo esta en griego (o hebreo) para mí -- ¿Dónde estas tu en la palabra? |
| 650 | 1 | 4 | _aEDUCACION CRISTIANA DE JOVENES \ TRABAJO SOCIAL CON JOVENES \ EDUCACION CRISTIANA DE JOVENES - ENSEÑANZA BIBLICA \ JUVENTUD - VIDA RELIGIOSA |
| 942 | _cBK | ||
| 999 |
_c39507 _d39507 |
||